000 00847nab a2200253 u 4500
001 11485
003 HDC
007 cr bn ---aaaaa
008 210207c mydr|nes 0 a eng d
040 _aHDC
100 _aHADLEY, RAY,
_eauthor
_911797
245 0 _aICAC gets a well-deserved whack, now time to move on /
_cby RAY HADLEY
260 _a[no place] :
_b[publisher not identified],
_c[no year]
336 _atext
_2rdacontent
337 _acomputer
_2rdamedia
338 _aonline resource
_2rdacarrier
650 _aCorrupt
_911798
650 _aMinister
_911799
710 _aThe Daily Telegraph
856 _zRequest full-text at [email protected]
942 _2lcc
942 _cNEWS
942 _kNWSO 000366
999 _c8808
_d8808